000 00477nam a2200193Ia 4500
008 131103s9999 xx 000 0 und d
040 _aLoreto College
041 _aEnglish
082 _aREF
_bLCBED
100 _aBailey, Donna
245 _aMax book of Egypt
_cDonna Bailey & Ted Wragg
260 _aLondon
_bNelson
_c1988
300 _a24p.
_b ill.
_c 21cm.
440 _aFlying boot
504 _aIncludes index
650 _aREF
850 _aLCBED/REF
942 _cBK
999 _c33605
_d84084